000 00448nam a2200193Ia 4500
005 20250423101011.0
008 250422s9999 xx 000 0 und d
020 _a978-0-07-175549-8 / 0-07-175549-7
050 _aQA 276.12 .S65/
100 _aSpiegel, Murray R.
245 0 _aStatistics
250 _a4th ed.
260 _aNew York
260 _bMcGraw-Hill
260 _c2011
300 _a577 p
650 _aStstistics.
942 _cBK
999 _c34981
_d34981